| 000 | 00353cam a22001097a 4500 | ||
|---|---|---|---|
| 008 | 180718b xxu||||| |||| 00| 0 eng d | ||
| 082 | _aU24x54 In2 | ||
| 245 |
_aPatent office handbook _cby Ministry of Law, India |
||
| 260 |
_aDelhi _bManager of Publications _c |
||
| 500 | _aContents: Library has 1960, 10th ed, 1964, 12th ed | ||
| 700 | _aIndia. Ministry of Law | ||
| 999 |
_c498252 _d498252 |
||